000 00742nam a2200193 a 4500
008 120416s1994 ||||||||||||||||| || u
020 _a0750695064
050 _aTK 7868.P6 Len
100 _aLenk, John D
245 1 0 _aSimplified design of linear power supplies
260 _aBoston:
_bButterworth-Heinemann
_c1994
300 _axiii, 246 p.: ill.
350 _a0.00
500 _aIncludes index.
650 _aELECTRIC POWER--SUPPLIES TO APPARATUS--DESIGN AND CONSTRUCTION
650 _aELECTRIC CIRCUITS, LINEAR--DESIGN AND CONSTRUCTION
650 0 _aPOWER ELECTRONICS
995 _D0.00
_FCBU-MAIN LIBRARY (Kitwe)
_H1
_I20.90
_M1
_UAVAILABLE
_ZMain Library Open Access Collection
999 _c57481
_d57481